00332 2200145 4500001002100000005001500021035002000036245003300056100001800089300001200107260003300119082000800152084001400160990001200174INLIS00000000000232420250528093441 a0010-05250006161 aDunia Freud /cErnest Jornes0 aErnest Jornes a622 hlm aYogyakarta :bIRCisod,c2007 a813 a813 ERN d a0712609